Statistics for 2020s Oscar Best Actor Nominees

Click here to take the quiz!

General Stats

  • This quiz has been taken 428 times
    (93 since last reset)
  • The average score is 16 of 25

Answer Stats

MovieActor% Correct
JokerJoaquin Phoenix
99%
OppenheimerCillian Murphy
97%
King RichardWill Smith
92%
Once Upon a Time In HollywoodLeonardo DiCaprio
88%
The FatherAnthony Hopkins
84%
The WhaleBrendan Fraser
84%
MaestroBradley Cooper
80%
Marriage StoryAdam Driver
76%
ElvisAustin Butler
72%
The Banshees of InisherinColin Farrell
72%
The Power of the DogBenedict Cumberbatch
71%
Tick Tick ... Boom!Andrew Garfield
63%
The HoldoversPaul Giamatti
61%
The Tragedy of MacbethDenzel Washington
59%
Ma Rainey's Black BottomChadwick Boseman
57%
Being the RicardosJavier Bardem
51%
MankGary Oldman
50%
American FictionJeffrey Wright
46%
The Two PopesJonathan Pryce
45%
Sound of MetalRiz Ahmed
45%
AftersunPaul Mescal
43%
MinariSteven Yeun
42%
RustinColman Domingo
39%
LivingBill Nighy
33%
Pain and GloryAntonio Banderas
32%

Score Distribution

Percentile by Number Answered

Percent of People with Each Score

Your Score History

You have not taken this quiz since the last reset